| 000 | 01946nam a2200409 a 4500 | ||
|---|---|---|---|
| 001 | 00003875 | ||
| 003 | DO-SdBNP | ||
| 005 | 20180305135843.0 | ||
| 007 | 00003875 | ||
| 008 | 110712s2010 dr ac 000 0 spa d | ||
| 020 | _a9789945461508 | ||
| 040 |
_aBPMSU _bspa _cBPMSU |
||
| 082 | 0 | 4 |
_a372.6561 _bV145L, 8vo. 2010 |
| 100 | 1 | _aValdez, Lidia | |
| 245 | 1 | 0 |
_aLengua española 8 : _b[educación básica] / _cactualización y adecuación de la obra original Lidia Valdez y Reyna Patricia Carrasco ; producción editorial María del Jesús de la Rosa. |
| 250 | _a2a. ed. | ||
| 260 |
_aSanto Domingo : _bActualidad Escolar, _c2010. |
||
| 300 |
_a2v. : _bil., retrs. ; _c28 cm. |
||
| 500 | _aIncluye el libro del maestro. | ||
| 500 | _aObra original de autoria de Olimpia Sánchez Rodríguez y Juan Francisco Jáspez Neró | ||
| 504 | _aBibliografía : p. 184 | ||
| 505 | 0 |
_gUnidad 1 -- _tLa globalización de la cultura en el mundo de hoy -- _gUnidad 2 -- _tLa biblioteca -- _gUnidad 3 -- _tLas minas del Rey Salomón -- _gUnidad 4 -- _tEl secreto de los Tres Ojos -- _gUnidad 5 -- _tEl rescate de la Cueva 4 -- _gUnidad 6 -- _tManuel Rueda en el recuerdo -- _gUnidad 7 -- _tCIBIMA: 44 años al servicio de la ciencia -- _gUnidad 8 -- _tOdas al diccionario -- _gUnidad 9 -- _tA la patria -- |
|
| 650 | 4 |
_aESPAÑOL _xENSEÑANZA BÁSICA |
|
| 650 | 4 |
_aESPAÑOL _xEDUCACIÓN PRIMARIA |
|
| 650 | 4 |
_aEDUCACIÓN PRIMARIA _zREPÚBLICA DOMINICANA |
|
| 650 | 4 |
_aESPAÑOL _xLIBROS DE TEXTOS |
|
| 650 | 4 |
_aESPAÑOL _xESTUDIOS Y EJERCICIOS |
|
| 700 | 1 |
_aSánchez Rodríguez, Olimpia _tLengua española 8 |
|
| 700 | 1 |
_aJáspez Neró, Juan Francisco _tLengua española 8 |
|
| 700 | 1 | 2 | _aValdez, Lidia |
| 700 | 1 | _aCarrasco, Reyna Patricia | |
| 700 | 1 |
_aRosa, María del Jesús de la _eed. |
|
| 910 | _aValidado. Control de calidad MFF | ||
| 942 |
_2ddc _cBK |
||
| 945 | _aRemanejado para la BNPHU / 2018 VM | ||
| 956 |
_aLOPEREZ _b10 _c20160420 _lBPMSU _h00041 |
||
| 999 |
_c9850 _d9850 |
||